Statistiques concernant Plats nationaux de pays

Cliquez ici pour prendre le quiz!

Statistiques générales

  • Ce quiz a été pris 1 326 fois
  • Le résultat moyen est 5 sur 10

Statistiques - réponses

PaysPlats nationaux% Correct
EspagnePaella
95%
MarocCouscous
82%
CanadaPoutine
71%
USAHamburger
70%
Royaume-UniFish & Chips
53%
SuisseFondue
50%
FranceBoeuf bourguignon | Coq au vin
41%
ItalieLasagne
32%
ChineCanard laqué
12%
PérouCeviche
12%

Distribution des résultats

Percentile par nombre de réponses

% des personnes avec chaque résultat

Votre développement - résultats

Vous n’avez pas pris ce quiz